Normal view MARC view

Entry Nombre personal

Number of records used in: 1

001 - NÚMERO DE CONTROL

  • campo de control: 242623

003 - IDENTIFICADOR DE NÚMERO DE CONTROL

  • campo de control: SpMaBN

005 - FECHA Y HORA DE LA ÚLTIMA TRANSACCIÓN

  • campo de control: 20251216173415.0

008 - ELEMENTOS DE DATO DE LONGITUD-FIJA

  • campo de control de longitud fija: 970822n| aijnnaabn |n aac

016 ## - NÚMERO DE CONTROL DE UNA AGENCIA BIBLIOGRÁFICA NACIONAL

  • Número de control del registro: BNE19973338805

040 ## - FUENTE DE CATALOGACIÓN

  • Centro catalogador/agencia de origen: SpMaBN
  • Lengua de catalogación: spa
  • Centro/agencia transcriptor: SpMaBN
  • Normas de descripción: rdc
  • Convención/Normas de encabezamiento de materia/tesauro: embne

046 ## - FECHAS CON CODIFICACIÓN ESPECIAL

  • Fecha de nacimiento: 1907
  • Fecha de la muerte: 1999

100 1# - ENCABEZAMIENTO-NOMBRE DE PERSONA

  • Nombre de persona: Falcón, Irene,
  • Fechas asociadas al nombre: 1907-1999

375 ## - GÉNERO/SEXO

  • Género: Femenino

400 1# - TRAZADO DE VÉASE--NOMBRE DE PERSONA

  • Nombre de persona: Lewy, Irene
  • Fechas asociadas al nombre: 1907-1999

400 1# - TRAZADO DE VÉASE--NOMBRE DE PERSONA

  • Nombre de persona: Lewy Rodríguez, Irene
  • Fechas asociadas al nombre: 1907-1999

400 1# - TRAZADO DE VÉASE--NOMBRE DE PERSONA

  • Nombre de persona: Lewy Rodríguez, Carlota Berta
  • Fechas asociadas al nombre: 1907-1999

670 ## - FUENTE DE DATOS ENCONTRADOS

  • Cita de la fuente: WWW SUDOC aut., 22-05-2015
  • Información encontrada: (Irene Falcón/Irene Lewy Rodríguez, 1907-1999; secretaria de Dolores Ibárruri, esposa de César Falcón)
  • Identificador Uniforme de Recursos: http://www.idref.fr/066903637